Word Ladder: European City-State Quiz Stats

 Plays Quiz Updated Mar 14, 2019

Score 0/9 Timer 01:30
3 Plays Today
Clue 3-Letter Answer % Correct
• ___ Diego or ___ Salvador •• SAN •
98.6%
Obama's 2008 campaign slogan - ' Yes We ___'CAN
97.8%
'One small step for ___'MAN
97.7%
A common type of vehicleCAR
96%
A charged particleION
92.5%
An argument against an ideaCON
90.3%
• Damage or spoil •• MAR •
89.9%
An establishment that provides lodging for travelersINN
87%
• Sea goddess who rescued Odysseus from drowning •• INO •
51.9%

Today's Daily Dose

You're not logged in!

Compare scores with friends on all Sporcle quizzes.
OR
Log In

Sporcle TV

Today on Sporcle TV


Watch our educational content, quiz creation guides, and fun videos on Sporcle TV.

Show Comments

Extras

Top Quizzes Today


Score Distribution

Your Account Isn't Verified!

In order to create a playlist on Sporcle, you need to verify the email address you used during registration. Go to your Sporcle Settings to finish the process.

Report this User

Report this user for behavior that violates our Community Guidelines.

Details: